000 00818nam a2200253 i 4500
003 DO-SdBNP
005 20241001153745.0
007 ta
008 190730s2002 000 spa d
040 _aDO-SdBNP
_bspa
_cBNPHU
_erda
082 4 _222
100 1 _aRamos, Leoncio,
_eautor
_4aut.
_965698
245 1 0 _aNotas de derecho penal dominicano.
_hLeoncio Ramos ; prólogo, Wellington J. Ramos Messina
250 _a4a edición
264 _aSanto Domingo :
_bEditora Punto Magico,
_c2002.
300 _a533 páginas ;
_c21 cm.
336 _atexto
_btxt
_2rdacontent
337 _asin mediación
_bn
_2rdamedia
338 _avolumen
_bnc
_2rdacarrier
490 1 _aEstudios jurídicos
_v1
590 _aInventariado, 2022/BT
700 1 _aRamos Messina, Wellington J.,
_eprologuista
_4pr.
_97410
942 _2ddc
_cLBS1
999 _c48702
_d48702